000 00642nam a2200193Ia 4500
008 151121s9999||||xx |||||||||||||| ||und||
082 _a920/कवडी
082 _bHNW-56048
100 _aकवडी नरेश
245 _aमोरारजीभाई देसाई
260 _b"कॉन्टिनेंन्टल प्रकाशन,पुणे।"
260 _c--
300 _a195
600 _aकवडी नरेश
630 _aमोरारजीभाई देसाई
700 _aकवडी नरेश
730 _aमोरारजीभाई देसाई
942 _cBOOK
999 _c1238707
_d1238704